| 000 | 05697nam a22008297a 4500 | ||
|---|---|---|---|
| 005 | 20180703171119.0 | ||
| 010 | _aENG-122903-122954 (2 index, 3 Supplementary vol. 1 to 3, others vol. 47 vol. ) | ||
| 020 |
_a9788123022253 (Index of subject) _c100.00 |
||
| 020 |
_a9788123022260 (Index of persons) _c100.00 |
||
| 020 |
_a9788123022475 (vol-05) _c100.00 |
||
| 020 |
_a9788123021331 (vol-07) _c100.00 |
||
| 020 |
_a9788123022482 (vol-08) _c100.00 |
||
| 020 |
_a9788123022499 (vol-09) _c100.00 |
||
| 020 |
_a9788123022420 (vol-10) _c100.00 |
||
| 020 |
_a9788123021348 (vol-11) _c100.00 |
||
| 020 |
_a9788123022444 (vol-12) _c100.00 |
||
| 020 |
_a9788123022451 (vol-13) _c100.00 |
||
| 020 |
_a9788123021218 (vol-17) _c100.00 |
||
| 020 |
_a9788123021416 (vol-18) _c100.00 |
||
| 020 |
_a9788123022468 (vol-19) _c100.00 |
||
| 020 |
_a9788123021225 (vol-26) _c100.00 |
||
| 020 |
_a9788123021355 (vol-27) _c100.00 |
||
| 020 |
_a9788123022277 (vol-30) _c100.00 |
||
| 020 |
_a9878123022505 (vol-31) _c100.00 |
||
| 020 |
_a9788123022512 (vol.-32) _c100.00 |
||
| 020 |
_a9788123022529 (vol.-39) _c100.00 |
||
| 020 |
_a9788123022536 (vol.-40) _c100.00 |
||
| 020 |
_a9788123021362 (vol.-54) _c100.00 |
||
| 020 |
_a9788123021379 (vol.-55) _c100.00 |
||
| 020 |
_a9788123021423 (vol.-56) _c100.00 |
||
| 020 |
_a9788123021430 (vol.-57) _c100.00 |
||
| 020 |
_a9788123022284 (vol.-59) _c100.00 |
||
| 020 |
_a9788123022291 (vol.-60) _c100.00 |
||
| 020 |
_a9788123022307 (vol.-61) _c100.00 |
||
| 020 |
_a9788123022314 (vol.-62) _c100.00 |
||
| 020 |
_a9788123022321 (vol.-63) _c100.00 |
||
| 020 |
_a9788123022338 (vol.-64) _c100.00 |
||
| 020 |
_a9788123022345 (vol.-65) _c100.00 |
||
| 020 |
_a9788123022352 (vol.-66) _c100.00 |
||
| 020 |
_a9788123022369 (vol.-67) _c100.00 |
||
| 020 |
_a9788123022376 (vol.-68) _c100.00 |
||
| 020 |
_a9788123021447 (vol.-69) _c100.00 |
||
| 020 |
_a9788123022383 (vol.-70) _c100.00 |
||
| 020 |
_a9788123021232 (vol.-76) _c100.00 |
||
| 020 |
_a9788123021249 (vol.-78) _c100.00 |
||
| 020 |
_a9788123021454 (vol.-79) _c100.00 |
||
| 020 |
_a9788123022390 (vol.-80) _c100.00 |
||
| 020 |
_a9788123022406 (vol.-81) _c100.00 |
||
| 020 |
_a9788123022413 (vol.-82) _c100.00 |
||
| 020 |
_a9788123022161 (vol.-83) _c100.00 |
||
| 020 |
_a9788123022154 (vol.-84) _c100.00 |
||
| 020 |
_a9788123022175 (vol.-85) _c100.00 |
||
| 020 |
_a9788123022185 (vol.-86) _c100.00 |
||
| 020 |
_a9788123022192 (vol.-87) _c100.0 |
||
| 020 |
_a9788123022208 (vol.-88) _c100.00 |
||
| 020 |
_a9788123022215 (vol.-90) _c100.00 |
||
| 020 |
_a9788123022222 Supplementary (vol.-01) _c100.00 |
||
| 020 |
_a9788123022239 Supplementary (vol.-02) _c100.00 |
||
| 020 |
_a9788123022246 Supplementary (vol.-03) _c100.00 |
||
| 035 | _aEN-106435-86 | ||
| 037 | _bDBAD/PUB | ||
| 082 | _a301.153 | ||
| 100 | _aGandhi, Mahatma | ||
| 245 |
_aThe collected works of Mahatma Gandhi / _bby Mahatma Gandhi |
||
| 260 |
_aDelhi _bPublication Divison _c2016 Dec.-(rep.) |
||
| 270 |
_aMinistryof Information and Broadcasting Govt of India, Soochna Bhawan,CGO Complex,Lodhi Road _bNew Delhi _e110003 _mwww.publicationsdivision.nic.in |
||
| 300 |
_aindex of subjects & persons, vols-5, 7-13, vol.17-19, vol.26-27, vol. 30-32, vol.39-40, vol. 54-57, vol. 59-70, vol.76, vol. 78-88, vol. 90, supplementary vol. 1-3 (xi,392p; xvi583p.; xxxi,506p.; vii,576p.; x, 603p.; x, 668p; x, 580p.; xii, 666p.; xxvii, 700p.; viii, 646p.; ix, 616p.; xviii, 515p.; ix, 604p.; x, 607p.; ix, 492p.; xxvii, 618p.; ix, 595p.; x, 631p.; xv, 563p.; xxiii, 462p.; x, 528p.; xii, 494p.; xi, 550p.; xxviii, 540p.; xxxii, 490p; xxi, 505p.; xxxi, 506p.; xxx, 507p.; xxvii, 450p.; xxviii, 478p.; xxviii, 506p.; xxviii, 510p.; xxx, 478p.; xxviii, 518p.; xxviii, 501p.; xxviii, 464p.; xxxii, 491p.; xxxi, 452p.; xxxii, 464p.; xxxii, 479p.; xxxiv, 478p.; xxix, 484p.; xxvii, 476p.; xxx, 532p.; xxxi, 550p.; xxx, 526p.; xxvii, 586p.; xxvi, 520p.; xxxv, 598p.; xxvii, 564p.; xxviii, 522p.; xxiv, 508p.) _c24cm(Hb) _bill. |
||
| 500 | _aIncludes index | ||
| 500 | _aIndex of Subjects Index of Persons Supplementary Vol. 1 - 3 | ||
| 505 | _aindex of subjects & persons; vol-5-1905-1906; vol-7-June-December,1907; vol-08-january-August 1908; vol.-09-September 1908-November 1909; vol.-10 Nov.1909-March 1911; vol.-11, April 1911-March, 1913; vol.-12, April 1913-Dec.1914; vol.13, Jan. 1915-Oct. 1917; vol.17, Feb.-June, 1920; vol. 18, July- Nov.1920; Nov.-1920-April, 1921; vol.26, Jan.-April 1925; vol.27, May-july 1925; vol.30, Feb.-June 1926; vol.31, June-Nov.1926; vol. 32, Nov.1926-Jan.1927; vol. 39, Feb.1929; vol.40 Feb.-May 1929; vol.54, March-April 1933; vol.54 April-Sept. 1933; vol.54 Sept.16, 1933-Jan.15, 1934; vol.57, Jan.16-May17, 1934; vol.59, Sept.16-Dec.15,1934; vol.60, Dec.16,1934-April 24,1935; vol.61, April, 25-Sept. 30, 1935; vol.62, Oct.1, 1935-May 31, 1936; vol.63, June 1-Nov. 2, 1936; vol.64, Nov.3, 1936- March,14 1937; vol.65, March 15-July 31, 1937; voll.66, Aug.1 1937-March 31, 1938; vol.67, April 1-Oct.14, 1938; vol.68, Oct.15, 1938-Feb.28, 1939; vol.69 March 1, 1939-Jully 15, 1939; vol.70, July 16-Nov.30, 1939; vol.76, April 1,1942-Dec.17, 1942; vol.78, Aug.1-Dec.31, 1944; vol.79, Jan.1-April 24, 1945; vol. 80, April 25-july 16, 1945; vol.81, July 17-Oct.31, 1945; vol.82, Nov.1 1945-Jan.19, 1946; vol.83, Jan.20 1946-April 13, 1946; vol. 84, April 14, 1946-July 15, 1946; vol. 85, July 16, 1946-Oct. 20, 1946; vol. 86, Oct.21, 1946-Feb. 20, 1947; vol. 87, Feb.21 1947-May 24, 1947; vol. 88, May 25,1947-July 31, 1947; vol. 90, Nov.11, 1947-Jan.30, 1948; supplementary vol. 1, 1894-1929; vol.2, 1929-1934; vol.3, 1935-1941. | ||
| 942 |
_2ddc _cEN _h301.153 _mGAN |
||
| 999 |
_c151925 _d151925 |
||